10 Biggest Cities in Guinea - Statistics

General Stats
  • This quiz has been taken 23 times
  • The average score is 3 of 10
Answer Stats
Population City % Correct
1 765 000 Conakry
100%
115 000 Kankan
44%
120 000 Kindia
39%
55 000 Labe
33%
1 870 000 Camayenne
17%
80 000 Coyah
11%
80 000 Gueckedou
11%
45 000 Kissidougou
11%
130 000 Nezerekore
6%
60 000 Port Kamsar
6%
No matching quizzes found
Score Distribution
Percent of People with Each Score
Percentile by Number Answered
Your Score History
You have not taken this quiz